लाल किताब ज्योतिष : (Record no. 121431)

MARC details
000 -LEADER
fixed length control field 01039nam a22002417a 4500
005 - DATE AND TIME OF LATEST TRANSACTION
control field 20170124103214.0
010 ## - LIBRARY OF CONGRESS CONTROL NUMBER
LC control number A-984974
020 ## - INTERNATIONAL STANDARD BOOK NUMBER
Terms of availability 200.00
International Standard Book Number 8173290792
035 ## - SYSTEM CONTROL NUMBER
System control number A-984974
037 ## - SOURCE OF ACQUISITION
Source of stock number/acquisition Cen Lib/Ret
040 ## - CATALOGING SOURCE
Original cataloging agency DPL
Language of cataloging HN
082 ## - DEWEY DECIMAL CLASSIFICATION NUMBER
Classification number 133.5
Item number कृष्णअ
100 ## - MAIN ENTRY--PERSONAL NAME
Personal name कृष्ण अशांत
9 (RLIN) 97343
245 ## - TITLE STATEMENT
Title लाल किताब ज्योतिष :
Statement of responsibility, etc कृष्ण अशांत
Remainder of title पृष्ठभूमि और व्याख्या /
246 ## - VARYING FORM OF TITLE
Title proper/short title Lal kitan jyotish : prishthbhoomi aur vkahya /
Remainder of title by Krishn Ashant
250 ## - EDITION STATEMENT
Edition statement 3rd ed
260 ## - PUBLICATION, DISTRIBUTION, ETC. (IMPRINT)
Place of publication, distribution, etc दिल्ली
Name of publisher, distributor, etc शिलालेख
Date of publication, distribution, etc 2000
270 ## - ADDRESS
City दिल्ली
Address 4/32, सुभाष गली, विश्वास नगर, शाहदरा
Postal code 110032
300 ## - PHYSICAL DESCRIPTION
Extent 254पृ
Dimensions 20सेमी(सजिल्द )
650 ## - SUBJECT ADDED ENTRY--TOPICAL TERM
Topical term or geographic name as entry element ज्योतिष, भारतीय
General subdivision
Geographic subdivision
9 (RLIN) 97344
650 ## - SUBJECT ADDED ENTRY--TOPICAL TERM
Topical term or geographic name as entry element Astrology, Indic.
9 (RLIN) 97345
942 ## - ADDED ENTRY ELEMENTS (KOHA)
Source of classification or shelving scheme Dewey Decimal Classification
Koha item type Hindi Books
Classification part 133.5
Call number suffix कृष्णअ
Holdings
Withdrawn status Lost status Damaged status Not for loan Home library Current library Date acquired Source of acquisition Cost, normal purchase price Total Checkouts Full call number Barcode Date last seen Copy number Cost, replacement price Price effective from Koha item type
        Central Library Central Library 06/10/2015 Cen Lib/Ref 200.00   133.5 कृष्णअ A-984974 06/10/2015 1 200.00 06/10/2015 Hindi Books

© Delhi Public Library
Hit Counter
free hit counter